000 00294nam a22001337a 4500
008 170224b xxu||||| |||| 00| 0 eng d
020 _a0815198000
041 _aeng
080 _a617
100 _a5
101 _aSHK
245 _aYEAR BOOK OF VASCULAR SURGERY
_cPORTER, J.M
942 _2udc
_cBK
999 _c6224
_d6224